| 000 | 00663nam a2200205 a 4500 | ||
|---|---|---|---|
| 001 | 000044141 | ||
| 005 | 20240409073825.0 | ||
| 008 | 140602s2013 dr a 000 0 spa d | ||
| 020 | _a9789945883169 | ||
| 040 |
_aDO-SdBNP _bspa _cBNPHU |
||
| 082 |
_aRD863. 5 _bH181s |
||
| 100 | 1 |
_aHallal, Farah _972150 |
|
| 245 | 1 | 0 |
_aSábado de ranas / _cFarah Hallal ; ilustraciones Makuc Lucy. |
| 260 |
_aSanto Domingo : _bAlfaguara Infantil, _c2013. |
||
| 300 |
_a43 p. : _bil. ; _c20 cm. |
||
| 650 | 0 |
_aCuentos infantiles dominicanos _9505 |
|
| 650 | 4 |
_aLiteratura infantil dominicana _9441 |
|
| 700 | 1 | 2 |
_aMakuc Lucy _eil. _972151 |
| 910 | _aValidado. Control de calidad MFF | ||
| 999 |
_c43630 _d43630 |
||